A history of Rome to the death of caear /

محفوظ في:

المؤلف الرئيسي: How, W. W. (مؤلف)

التنسيق: كتاب

اللغة: English

منشور في: London ; New York : Longmans, Green, 1898.

الطبعة: New ed.

الموضوعات:

الوسوم: إضافة وسم

لا توجد وسوم, كن أول من يضع وسما على هذه التسجيلة!

رقم الطلب: DG231 .H84 1898

LEADER 00635nam a2200193Ia 4500
003 OSt
005 20260115121738.0
008 211223s1898 enkabce 000 0 eng d
040 |c ARCE Library 
050 4 |a DG231 .H84 1898 
100 1 |a How, W. W.,   |q (Walter Wybergh),   |e author 
245 1 2 |a A history of Rome to the death of caear /   |c by W. W. How and H. D. Leigh. 
250 |a New ed. 
264 1 |a London ;   |a New York :   |b Longmans, Green,   |c 1898. 
300 |a xv, 575 p. :   |b ill., ports., maps (some color), plans ;   |c 20 cm. 
651 0 |a Rome   |x History   |y Republic, 510-30 B.C. 
901 |a reviewed 
942 |2 lcc  |c BK 
999 |c 41247  |d 41247